00343nam a2200121Ia 4500008004100000041000800041082001500049100001600064245004500080260005600125300003100181365000900212240624s9999 xx 000 0 und d aeng a005.54 GRO aGROSS DEBRA aSUCCEEDING IN BUSINESS WITH MICROSOFT OF c2008aAustraliabCourse Technology Cengage Learning axxi, : 675 : p. : cm. ; 24 cb30